000 00965nam a2200253 i 4500
001 195807
003 SpMaBN
005 20250903094136.0
008 240310s2019 sp a | |||| 000 fre
040 _aSpMaBN
_bspa
_cSpMaBN
_erda
110 2 _aPierre Bergé & associés
_9226278
245 1 0 _aLivres Anciens & Modernes :
_bVendredi 13 décembre 2019 - Paris /
_cPierre Bergé & Associés.
260 _aParís :
_bPierre Bergé & Associés,
_c2019.
300 _a100 p. :
_bprincipalmente il. ;
_c27 cm.
336 _aTexto
_2rdacontent
337 _asin mediación
_2rdamedia
338 _avolumen
_2rdacarrier
655 0 _aCatálogos de subastas
_9237535
852 _aES-MaACL
_cDEPOJ
_jN-8819
_hDonación: Editorial
_xEncuadernación: rústica
_9204730
942 _cMONOGRAFIA
_n0
954 _iTatiana Alejandra de Castro Pérez
999 _c195807
_d195807